| 000 | 00790cam a22002653a 4500 | ||
|---|---|---|---|
| 001 | 1050 | ||
| 003 | PGUSA | ||
| 005 | 20140828082956.0 | ||
| 008 | 970901s1997||||xxu|||||s|||||000 | eng d | ||
| 040 |
_aPGUSA _beng |
||
| 042 | _adc | ||
| 050 | 4 | _aPR | |
| 100 | 1 |
_aShaw, Bernard, _d1856-1950 |
|
| 245 | 1 | 4 |
_aThe Dark Lady of the Sonnets _h[electronic resource] / _cBernard Shaw |
| 260 |
_bProject Gutenberg, _c1997 |
||
| 506 | _aPublic domain in the USA. | ||
| 516 | _aElectronic text | ||
| 653 | _aFitton, Mary, 1578?-1641 -- Drama | ||
| 653 | _aLondon (England) -- Drama | ||
| 653 | _aShakespeare, William, 1564-1616 -- Drama | ||
| 653 | _aMan-woman relationships -- Drama | ||
| 830 | 0 |
_aProject Gutenberg _v1050 |
|
| 856 | 4 | 0 | _uhttp://www.gutenberg.org/ebooks/1050 |
| 942 | _cEB | ||
| 999 |
_c230401 _d230401 |
||